000 01001nam a22003137a 4500
003 CHAP
005 20220329135838.0
008 971013s1975 r 00010 d
010 _a43168
011 _a44140
035 _a48278
040 _cCHAP
090 _aFolleto 8253
110 _aMéxico. Secretaría de Recursos Hidráulicos. Gerencia General en Guanajuato
_977221
245 _aDatos meteorológicos regionales
_b: estado de Guanajuato
260 _aMéxico, D.F. :
_bLa Secretaría,
_c1975
300 _as.p.
490 _aMeteorológico
_v; 7
500 _aHoja desplegable
590 _aBATCH-UPD
_b10
_c20130110
_lUCH01
_h2235
590 _aBATCH-UPD
_b10
_c20130410
_lUCH01
_h1530
590 _aBATCH-UPD
_b10
_c20130914
_lUCH01
_h1815
590 _aCONVERSION
_b10
_c20130109
_lUCH01
_h1324
650 1 4 _aMeteorología
_xGuanajuato.
_975203
830 0 _aMeteorológico
_v; 7
_975224
901 _aBK
942 _cFOLL
949 _aFolleto 8253
_bBC
_cFOLL
_d-109485
_eTS1
_i48278
_mD
_si
999 _c43168
_d43168